Spotrebiteľský spor a spotrebiteľské rozhodcovské konanie

Vymedzenie spotrebiteľského sporu a jeho význam.

Saved in:
Bibliographic Details
Main Author: Csach, Kristián
Format: Book Chapter
Language:Slovak
Subjects:
Tags: Add Tag
No Tags, Be the first to tag this record!

MARC

LEADER 00000naa a2200000 4500
001 0219974
005 20220719123805.3
041 0 |a slo 
044 |a SK 
245 1 0 |a Spotrebiteľský spor a spotrebiteľské rozhodcovské konanie  |c Kristián Csach 
520 |a Vymedzenie spotrebiteľského sporu a jeho význam. 
610 2 0 |a spotrebitelia 
610 2 0 |a spory súdne 
610 2 0 |a konanie rozhodcovské 
610 2 0 |a ochrana spotrebiteľa 
100 1 |a Csach, Kristián